000 00816nam0a22002531 4500
001 rc\3330643
005 20250609181039.0
035 _a(NLR Aleph) 007425046
090 _a6956208
_c6956208
100 _a20130115d1969 |||y0rusy50 ca
101 0 _arus
102 _aRU
105 _ay z |||||
200 1 _aАнтропонимия "Истории одного города"
210 _aЧерновцы
_cБ. и.
_d1969
215 _a30 с.
532 1 3 _aАнтропонимия Истории одного города
700 1 _aТаич
_bР.У.
_gРаиса Урьевна
801 0 _aRU
_bNLR
_gpsbo
801 1 _aRU
_bELAR
_2rusmarc
830 _aИст.: Таич, Р.У. Имена собственные ... № 3. Шифр: 73-4/30738
852 _aNLR
_jDesideratum
942 _cBOOK
980 _aNB